| 000 | 00557nam a2200193Ia 4500 | ||
|---|---|---|---|
| 008 | 240729s9999 xx 000 0 und d | ||
| 022 | _a0976-7819 | ||
| 245 | 0 | _aJournal of Mid-Life Health | |
| 260 | _aIndia | ||
| 260 | _bWolters Kluwer Medknow Publications | ||
| 650 | _a Geriatrics | ||
| 650 | _a Gynecology and obstetrics | Medicine | ||
| 650 | _a Internal medicine | ||
| 650 | _a Special situations and conditions | ||
| 650 | _aMedicine | ||
| 856 | _uhttps://doaj.org/toc/1af5db4b63f24d60b94894dc06a4b248 | ||
| 942 | _2ddc | ||
| 942 | _cDOAJEJ | ||
| 999 |
_c69669 _d69669 |
||
| 945 |
_a1 _bMadushi Gamage _c1 _dMadushi Gamage |
||